Guess the African capital city by the picture - Statistics

General Stats
  • This quiz has been taken 33 times
  • The average score is 5 of 16
Answer Stats
Picture Answer % Correct
Cairo
100%
Cape Town
86%
Tunis
52%
Rabat
48%
Abuja
33%
Kinshasa
29%
Addis Ababa
24%
Luanda
24%
Gaborone
19%
Nairobi
14%
Bangui
10%
Dakar
10%
Khartoum
10%
Bamako
5%
Djibouti
5%
Accra
0%
No matching quizzes found
Score Distribution
Percent of People with Each Score
Percentile by Number Answered
Your Score History
You have not taken this quiz